| 000 | 00761nam a2200205 i 4500 | ||
|---|---|---|---|
| 001 | 30645 | ||
| 003 | ES-MaACL | ||
| 005 | 20251011063057.0 | ||
| 007 | t| | ||
| 008 | 030127s1950 sp ||||1| spa d | ||
| 100 | 1 |
_aBeltrán, Antonio, _d1916-2006 _927333 |
|
| 245 | 1 | 0 |
_aCurso de numismática. _nI., _pNumismática antigua, Clásica y de España / _cAntonio Beltrán Martínez. |
| 250 | _a2ª ed. completamente renovada. | ||
| 260 |
_aCartagena : _b[s.n.], _c1950 ( _fImp. Papelería Española) |
||
| 300 |
_a459 p. : _bil. ; _c26 cm. |
||
| 500 | _aEdiciones de la Catedra de Arqueología Epigrafía y Numismática de la Universidad de Zaragoza. | ||
| 650 | 7 |
_aNumismática _2embne _915648 |
|
| 852 |
_aES-MaACL _jP-1010 |
||
| 999 |
_c30645 _d30645 |
||